Bandeiras da America Central e Caribe - Statistics

Estatísticas Gerais
  • Esse quiz foi jogado 1 438 vezes
  • A pontuação média é 20 de 36
Estatísticas das Respostas
Imagem Resposta % Correto
Panamá
95%
Nicarágua
93%
El Salvador
91%
Jamaica
88%
Cuba
85%
Haiti
85%
Honduras
83%
Costa Rica
82%
Barbados
79%
Guatemala
79%
República Dominicana
79%
Belize
78%
Bahamas
77%
Trindade e Tobago
76%
Granada
74%
Santa Lucia
74%
Dominica
72%
Antigua e Barbuda
69%
São Vicente e Granadinas
69%
São Cristóvão e Névis
64%
Porto Rico
59%
Curaçao
38%
Ilhas Virgens Americanas
36%
Ilhas Virgens Britanicas
34%
Aruba
33%
Martinica
26%
Guadalupe
24%
Ilhas Caimão
23%
Monserrat
23%
Anguilla
21%
Bonaire
18%
Turks e Caicos
16%
Saba
15%
Saint Marten
11%
Santo Eustáquio
10%
Sint Maarten
5%
Nenhum quiz correspondente encontrado
Distribuição das Pontuações
Porcentagem de Pessoas com Cada Pontuação
Percentil de Números Respondidos
Sua Pontuação Histórica
Você não jogou esse quiz